书目信息 |
| 题名: |
化工小商品生产法
|
|
| 作者: | 黄德丰 编著 | |
| 分册: | 第三集 | |
| 出版信息: | 长沙 湖南科学技术出版社 1989.7 |
|
| 页数: | 343页 | |
| 开本: | 19cm | |
| 丛书名: | ||
| 单 册: | ||
| 中图分类: | TQ-62 | |
| 科图分类: | ||
| 主题词: | 化学工业 | |
| 电子资源: | ||
| ISBN: | 7-5357-0582-0 | |
| 000 | 00740nam0 2200229 45 | |
| 001 | 0189002700 | |
| 005 | 20051114141153.20 | |
| 010 | @a7-5357-0582-0@dCNY4.80 | |
| 020 | @aCN@b89002700 | |
| 100 | @a19900816d1989 m y0chiy0120 ea | |
| 101 | 0 | @achi |
| 102 | @aCN@b430000 | |
| 105 | @ay z 000yy | |
| 200 | 10 | @a化工小商品生产法@Ahua gong xiao shang pin sheng chan fa@h第三集@h下@f黄德丰等编著@Fhuang de feng deng bian zhu |
| 210 | @a长沙@c湖南科学技术出版社@d1989.7 | |
| 215 | @a343页@d19cm | |
| 330 | @a本书共收编了546个乡镇实用化工产品。基本上是按农、林、牧、副、渔的顺序编目。 | |
| 606 | 0 | @a化学工业 |
| 690 | @aTQ-62 | |
| 701 | 0 | @a黄德丰@Ahuang de feng@4编著 |
| 801 | 0 | @aCN@bNLC@c20051114 |
| 905 | @f1@b246731@dTQ-62@e15:3(2) | |
| 化工小商品生产法.第三集.下/黄德丰等编著.-长沙:湖南科学技术出版社,1989.7 |
| 343页;19cm |
| ISBN 7-5357-0582-0:CNY4.80 |
| 本书共收编了546个乡镇实用化工产品。基本上是按农、林、牧、副、渔的顺序编目。 |
| ● |
| 相关链接 |
|
|
|
|
正题名:化工小商品生产法
索取号:TQ-62/15:3(2)
 
预约/预借
| 序号 | 登录号 | 条形码 | 馆藏地/架位号 | 状态 | 备注 |
| 1 | 0246731 | 001646393 | 密集书库/ [索取号:TQ-62/15:3(2)] | 在馆 | |
| 2 | 0246732 | 202146258 | 密集书库/ [索取号:TQ-62/15:3(2)] | 在馆 | |
| 3 | 0246733 | 001646053 | 第二样本阅览室/ [索取号:TQ-62/15:3(2)] | 在馆 |